000 00781nam a2200265 i 4500
001 C2-0300659
003 PPAK
005 20180728082140.0
008 091111s2009 my a|||| ||||| | may d
020 _a9789833422227
040 _aPPAK
_beng
_cPPAK
_erda
082 0 4 _a621.38887
_223
090 0 0 _a621.38887
_bMOH
_dG
100 0 _aMohd Khairurazi Sahar,
_eauthor
245 1 0 _aRahsia membaiki periuk nasi
264 1 _aKuala Lumpur :
_bEdaran Proaktif ,
_c2009
300 _avi, 110 pages :
_billustrations ;
_c21 cm
336 _2rdacontent
_atext
337 _2rdamedia
_aunmediated
338 _2rdacarrier
_avolume
490 1 _aSiri membaiki barangan elektrik
650 1 0 _aMaintenance and repair.
830 0 _aSiri membaiki barangan elektrik
942 _ddc
_cB
999 _c104530
_d104530